| 000 | 00494nam a22001697a 4500 | ||
|---|---|---|---|
| 003 | BD-DhUL | ||
| 005 | 20181018111308.0 | ||
| 008 | 181018snd. ii ||||| |||| 00| 0 urd d | ||
| 040 |
_aBD-DhUL _cBD-DhUL |
||
| 082 |
_a891.433 _bJAA |
||
| 100 | 0 | _aجلیل احمد قدوائی | |
| 245 | 1 | 0 |
_aاصنام خیالی / _cجلیل احمد قدوائی |
| 260 |
_aدھلی : _bاردو نشرگاہ، _c۔ |
||
| 300 |
_aص۔ ۲۵۱ ؛ _c۱۸ سم۔ |
||
| 650 | 4 | _aUrdu fiction | |
| 942 |
_2ddc _cBK |
||
| 999 |
_c244024 _d244024 |
||